Astronomia - Statistics

Estatísticas Gerais
  • Esse quiz foi jogado 841 vezes
  • A pontuação média é 10 de 21
Estatísticas das Respostas
Hint Resposta % Correto
Nome da nossa galáxia Via Láctea
97%
Planeta 'despromovido' a planetóide em 2006 Plutão
93%
Lugar com tamanha gravidade que nem a luz consegue escapar Buraco Negro
84%
Expansão cósmica que ocorreu 13.8 mil milhões de anos Big Bang
83%
Galáxia mais próxima da nossa Andrómeda
78%
Explosão de uma estrela Supernova
70%
Formato da nossa galáxia Espiral
65%
Telescópio espacial mais conhecido Hubble
63%
299.792.458 m/s Velocidade da Luz
59%
Nuvem de poeiras interestelares que podem dar origem a estrelas Nebulosa
55%
Nome para 'estrelas cadentes' que entram na atmosfera Meteorito
53%
Estrela mais brilhante no céu nocturno Sirius
35%
Elemento químico que da aparência vermelha a Marte Ferro
34%
Cometa que passa a cada 76 anos Cometa Halley
28%
Primeira pessoa que descreveu as orbitas elipticas dos planetas Johannes Kepler
22%
Sistema solar mais próximo do nosso Sol Alfa Centauri
15%
Que tipo de estrela e o nosso Sol Anã Amarela (classe espectral G2V)
14%
Mar onde Apollo 11 alunou Mar da Tranquilidade
9%
Podemos encontrar entre as órbitas de Marte e Júpiter Cintura de Asteróides
5%
Nome dado as estrela mais densa Estrela de Neutrões
1%
Gigantesca tempestade em jupiter Grande Ponto Vermelho
1%
Nenhum quiz correspondente encontrado
Distribuição das Pontuações
Porcentagem de Pessoas com Cada Pontuação
Percentil de Números Respondidos
Sua Pontuação Histórica
Você não jogou esse quiz